Food industry quality control systems

שמור ב:
מידע ביבליוגרפי
מחבר ראשי: Clute, Mark
פורמט: Sách
שפה:Undetermined
יצא לאור: CRC Press 2009
נושאים:
תגים: הוספת תג
אין תגיות, היה/י הראשונ/ה לתייג את הרשומה!
Thư viện lưu trữ: Trung tâm Thư viện - Trường Đại học Công nghiệp TP. Hồ Chí Minh
LEADER 00458nam a2200157Ia 4500
001 UIH_00134
008 230809s9999 xx 000 0 und d
082 |a 664.0068 
100 |a Clute, Mark 
245 0 |a Food industry quality control systems 
245 0 |c Clute, Mark 
260 |b CRC Press 
260 |c 2009 
650 |a Food industry and trade; 
927 |a Sách 
980 |a Trung tâm Thư viện - Trường Đại học Công nghiệp TP. Hồ Chí Minh